Zur vorgeschichtlichen Kreisarchitektur in Süd- und Westböhmen

Titel: Zur vorgeschichtlichen Kreisarchitektur in Süd- und Westböhmen
Verfasser:
In: Luftbildarchäologie in Ost- und Mitteleuropa, (1995), Seite 143-148, 7 Abb.
alle Artikel anzeigen
Veröffentlicht: 1995
Format: Aufsatz
Sprache: Deutsch
Kein Bild verfügbar
X
alg: 39144636
001A    $01999:11-11-16 
001B    $01999:28-04-17 $t14:19:29.000 
001D    $01999:11-11-16 
001U    $0utf8 
001X    $00 
002@    $0Aox 
003@    $0391446363 
007A    $0391446363 $aHEB 
007T    $0Herd06851 
010@    $ager 
011@    $a1995 
021A    $aZur vorgeschichtlichen Kreisarchitektur in Süd- und Westböhmen 
028A    $aBeneš $dAntonín 
031A    $h143-148, 7 Abb. $j1995 
039B    $aIn $8--Aau--. Luftbildarchäologie in Ost- und Mitteleuropa. - Potsdam : Brandenburgisches Landesmuseum für Ur- und Frühgeschichte, 1995. - 319 S.. - Ill., graph. Darst.. - ISBN 3-910011-08-X $x199500000000000857 $9047794887 

lok: 39144636 78

exp: 39144636 78 1 #EPN
201B/01 $023-05-19 $t22:38:53.000 
201U/01 $0utf8 
203@/01 $0787540404 
208@/01 $a11-11-16 $be 
209A/01 $a/ $f000 $x00 
220C/01 $aTitelaufnehmer: rk 
244Z/01 $#Tschechien $#Tschechische Republik $#Tschechische Republik $#Tschechenland $#Tschechei Tschechien $#Česká Republika $#Czech Republic $#ČR $74303381-7 $8--Tg1--Tschechien $x01 $9086659812 
244Z/01 $2Trx $#Böhmen $#Bohemia $#Czechy $8--Trx--Čechy $x02 $9391188941 
244Z/01 $#Böhmen (West) $#Böhmen, West $#Západočeský kraj $#Westböhmen $#Westböhmischer Kreis $74079210-9 $8--Tg1--Westböhmisches Gebiet $x03 $9085224863 
244Z/01 $#Böhmen, Süd $#Südliches Böhmen $#Südböhmisches Gebiet $#Südböhmischer Bezirk $#Bezirk Südböhmen $#Südböhmen Kraj $#Bezirk Budweis $#Budweiser Gebiet $#Budweis Kraj $#Budějovice kraj $#Jihočeský kraj $74078019-3 $8--Tg1--Südböhmen $x04 $9085221066 
244Z/01 $2Trx $#arheoloogia aerofoto $#archeologija oro fotografija $#archaeology aerial pictures $#régészet müholdkép $#archeologia, zdjęcia lotnicze $#archeológia letecká $#archeologie letecká $#Luftbildarchäologie $8--Trx--Archäologie$gLuftbild $x05 $9391375296 
244Z/01 $2Trx $8--Trx--Einzelbeiträge $x06 $9391384570 
245Z/01 $a05.02 $x01 
247C/01 $82080>Marburg/Lahn, Herder-Institut, Forschungsbibliothek, Bibliographieportal $9336309341
LEADER 00000caa a22000002c 4500
001 391446363
003 DE-603
005 20170428141929.0
007 tu
008 161111s1995 xx |||| | u00||u|ger c
035 |a (DE-599)HEB391446363 
040 |a DE-603  |b ger  |c DE-603  |d DE-603 
041 |a ger 
100 1 |a Beneš, Antonín 
245 0 0 |a Zur vorgeschichtlichen Kreisarchitektur in Süd- und Westböhmen 
264 0 |c 1995 
773 0 8 |i In  |t Luftbildarchäologie in Ost- und Mitteleuropa  |d Potsdam : Brandenburgisches Landesmuseum für Ur- und Frühgeschichte, 1995  |h 319 S., Ill., graph. Darst.  |z 391001108X  |g (1995), Seite 143-148, 7 Abb.  |w (DE-603)047794887 
924 0 |9 2080  |a (DE-603)787540404  |b DE-2080  |c HES  |d d  |g /